Technical analysis for the trading professional /

Wedi'i Gadw mewn:
Manylion Llyfryddiaeth
Prif Awdur: Brown, Constance M.
Fformat: Llyfr
Iaith:English
Cyhoeddwyd: New York : McGraw-Hill, 1999.
Pynciau:
Tagiau: Ychwanegu Tag
Dim Tagiau, Byddwch y cyntaf i dagio'r cofnod hwn!
Thư viện lưu trữ: Mạng thư viện Đại học Đà Nẵng
LEADER 00887cam a2200349 i 4500
001 000045162
003 4290
005 20030225163026.0
008 010220|1999 vm 000 eng
020 |a 0070120625 
040 |a IRC  |c IRC  |d IRC 
041 0 |a eng 
082 1 4 |a 332.645  |b BR-C 
100 1 |a Brown, Constance M. 
245 0 0 |a Technical analysis for the trading professional /  |c Constances M. Brown. 
260 |a New York :  |b McGraw-Hill,  |c 1999. 
300 |a xi, 341p. :  |b ill. 
630 0 4 |a Trade. 
630 0 4 |a Stocks. 
650 0 4 |a Investment analysis. 
650 0 4 |a Speculation. 
650 0 4 |a Stocks  |v Charts, diagrams, etc. 
OWN |a DUT 
999 |a From the UDN01 
TYP |a Monograph 
TYP |a Printed language 
980 |a Mạng thư viện Đại học Đà Nẵng